| 000 | 00380nam a2200157Ia 4500 | ||
|---|---|---|---|
| 008 | 230917s9999||||xx |||||||||||||| ||und|| | ||
| 040 |
_e3627 _aMAIN |
||
| 041 | _aEnglish | ||
| 082 | _a320.94 C676E | ||
| 100 | _aCole, Taylor, ed. | ||
| 245 | 0 | _aEuropean political systems | |
| 250 | _a2nd ed. | ||
| 260 |
_aNew York _bAlfred A Knopf _c1961 |
||
| 300 | _a746 p. | ||
| 942 | _cBK | ||
| 999 |
_c118066 _d118066 |
||